Obama'nın liderlik sırları / (Record no. 13435)

MARC details
000 -BAŞLIK
Sabit Uzunlukta Kontrol Alanı 00699nam a22002417a 4500
999 ## - SİSTEM KONTROL NUMARALARI (KOHA)
Koha Biblionumber 13435
Koha Biblioitemnumber 13435
001 - KONTROL NUMARASI
Denetim Alanı 18053
003 - KONTROL NUMARASI IDENTIFIER
Denetim Alanı MIRAKIL
005 - SON İŞLEM TARİHİ VE ZAMANI
Denetim Alanı 20190725161225.0
008 - SABİT-BOY VERİ ELEMANLARI - GENEL BİLGİLER
Sabit Uzunlukta Kontrol Alanı 190725b tu ||||| |||| 00| 0 tur d
020 ## - ULUSLARARASI STANDART KİTAP NUMARASI
Uluslararası Standart Kitap Numarası 9786055755072
040 ## - KATALOGLAMA KAYNAK
Orijinal Kataloglama Ajansı TR-AnCHP
Kataloglama Dili tur
Metne Dönüştürmek Ajansı TR-AnCHP
041 ## - DİL KODU
Metin / Ses Parça Veya Ayrı Başlığın Dil Kodu tur
082 ## - DEWEY ONLU SINIFLANDIRMA NUMARASI
Sınıflandırma Numarası 923.173 Obama,B.
Ürün Numarası Ö94o 2009
100 ## - ANA GİRİŞ - KİŞİSEL İSİM
Kişisel Ad Özkan, Necati
245 ## - BAŞLIK TABLOSU
Başlık Obama'nın liderlik sırları /
Sorumluluk Tablosu, Vb Necati Özkan.
250 ## - EDITION TABLOSU
Baskı Beyanı 3. bs.
260 ## - YAYIN, DAĞITIM, VB
Yayın, Dağıtım, Vb Yeri İstanbul:
Yayıncı, Dağıtıcı, Vs Adı Mediacat kitapları,
Yayın, Dağıtım, Vb Tarihi 2009.
Üretici Firma Pasifik ofset.
300 ## - FİZİKSEL TANIM
Kapsam 184 s.:
Diğer Fiziksel Ayrıntıları fotg.;
Boyutlar 20 sm.
504 ## - KAYNAKÇA VB NOT
Kaynakça Vb Notu Kaynakça vardır.
600 ## - KONU KATMA GİRİŞ - KURUMSAL ADI
Kişisel Ad Obama, Barack
Genel Alt Bölümü Siyasal yaşam
Coğrafi Alt Bölümü ABD
650 ## - KONU KATMA GİRİŞ - TOPİKAL DÖNEM
Topikal Süreli Veya Coğrafi Ad Giriş Elemanı Devlet başkanları
Genel Alt Bölümü Tarih
Coğrafi Alt Bölümü ABD
942 ## - EKLENDİ GİRİŞ ELEMANLARI (KOHA)
Sınıflandırma Veya Raf Düzeni Kaynak Dewey Decimal Classification
Koha Öğesi Türü Books
Holdings
Kalıcı Konum Mevcut Konum Edinme Tarihi Toplam Check-Out'Lar Tam Çağrı Numarası Barkod Tarih Son Görülme İtibaren Geçerli Fiyatlar Koha Öğesi Türü
CHP Kütüphanesi CHP Kütüphanesi 07/25/2019   923.173 Obama,B. Ö94o 2009 011988 07/25/2019 07/25/2019 Books